Encuentro sobre la deuda externa de América Latina y el Caribe, 4
Uloženo v:
| Médium: | Text |
|---|---|
| Vydáno: |
La Habana:
Gramna
|
| Tagy: |
Přidat tag
Žádné tagy, Buďte první, kdo vytvoří štítek k tomuto záznamu!
|
MARC
| LEADER | 00000 a a2200000 04500 | ||
|---|---|---|---|
| 001 | 23758 | ||
| 003 | |||
| 040 | |||
| 090 | |a 168000 | ||
| 245 | |a Encuentro sobre la deuda externa de América Latina y el Caribe, 4 | ||
| 260 | |a La Habana: |b Gramna | ||
| 300 | |a 12 p. | ||
| 999 | |c 12203 |d 12203 | ||
